000 01814nam a2200505 i 4500
001 9371
003 KOSZ 005
005 20191016115440.0
008 030731s1975 pl a f |000 0 pol
015 _aPB 1975/4193
035 _a991021297859705066
035 _a(PL-WaBN)b1576252x-48omnis_nlop
035 _ab1576252x
035 _a(OCoLC)749232171
035 _a(PL)b0000001576252
035 _a(EXLNZ-48OMNIS_NETWORK)9910396610205606
040 _aWA N
_cWA N
_dKOSZ 005/EG
041 0 _apol
_hrus
046 _k1975
080 _a697
080 _a536
100 1 _aBogoslovskij, Vâčeslav Nikolaevič
_eAutor
245 1 0 _aFizyka budowli :
_b(podstawy fizyczne ogrzewania, wentylacji i klimatyzacji) /
_cWiaczesław N. Bogosłowski ; tł. Stanisław Mańkowski.
246 1 _iTyt. oryg.:
_aStroitel'naja teplofizika :
_b(teplofizičeskie osnowy otoplenija, ventiljacii i kondicionirovanija vozducha),
_f1970
260 _aWarszawa :
_b"Arkady",
_c1975.
300 _a403, [1] s. :
_bil., mapa, tab., wykr. ;
_c25 cm.
336 _2rdacontent
_aTekst
_btxt
337 _2rdamedia
_aBez urządzenia pośredniczącego
_bn
338 _2rdacarrier
_aWolumin
_bnc
380 _aKsiążki
380 _aPublikacje fachowe
388 _a1901-2000
388 _a1945-1989
504 _aBibliogr.
650 7 _aKlimatyzacja
_2DBN
650 7 _aOgrzewanie
_2DBN
650 7 _aTermodynamika techniczna
_2DBN
650 7 _aWentylacja
_2DBN
658 _aInżynieria i technika
700 1 _aMańkowski, Stanisław
_d(1937-2018)
_eTłumaczenie
710 2 _aWydawnictwo Arkady
_4pbl
856 _uhttp://koha.tu.koszalin.pl/cgi-bin/koha/opac-detail.pl?biblionumber=9371
_yKatalog online BPK
942 _2UKD
_cKS
999 _c9371
_d9371